Misericordia día a día : (Registro nro. 15372)
[ vista simple ]
| 000 -LEADER | |
|---|---|
| fixed length control field | 01080nam a22002657a 4500 |
| 003 - CONTROL NUMBER IDENTIFIER | |
| control field | OSt |
| 005 - DATE AND TIME OF LATEST TRANSACTION | |
| control field | 20230412192841.0 |
| 008 - FIXED-LENGTH DATA ELEMENTS--GENERAL INFORMATION | |
| fixed length control field | 210315s2004 ck a|||br|||| 00| j spa d |
| 020 ## - INTERNATIONAL STANDARD BOOK NUMBER | |
| International Standard Book Number | 9583321761 |
| 040 ## - CATALOGING SOURCE | |
| Original cataloging agency | CO-JMCR |
| Transcribing agency | CO-JMCR |
| 041 0# - LANGUAGE CODE | |
| Language code of text/sound track or separate title | spa |
| 082 04 - DEWEY DECIMAL CLASSIFICATION NUMBER | |
| Classification number | H / |
| Item number | MORm |
| Edition number | 23 |
| 100 1# - MAIN ENTRY--PERSONAL NAME | |
| Personal name | Morales, Margoth, |
| Relator term | autora |
| 9 (RLIN) | 36076 |
| 245 10 - TITLE STATEMENT | |
| Title | Misericordia día a día : |
| Remainder of title | la palabra de Dios para niños / |
| Statement of responsibility, etc. | libretos Margoth Morales, John F. Valencia ; revisión, Yolanda Chacón ; ilustración, Harold Ortíz Ortíz |
| 250 ## - EDITION STATEMENT | |
| Edition statement | Edición 22 |
| 260 ## - PUBLICATION, DISTRIBUTION, ETC. | |
| Place of publication, distribution, etc. | [Bogotá] : |
| Name of publisher, distributor, etc. | Casa de la Misericordia, |
| Date of publication, distribution, etc. | 2004 |
| 300 ## - PHYSICAL DESCRIPTION | |
| Extent | [72] páginas sin numerar : |
| Other physical details | ilustraciones a color ; |
| Dimensions | 21 cm. |
| 490 0# - SERIES STATEMENT | |
| Series statement | Junior |
| 500 ## - GENERAL NOTE | |
| General note | "Dejad que los niños vengan a mí y no se lo impidáis; porque de los que son como estos es el reino de Dios. Lucas 18,16"--Tapa |
| 650 14 - SUBJECT ADDED ENTRY--TOPICAL TERM | |
| Topical term or geographic name entry element | Historias de la Biblia |
| General subdivision | Niños |
| 9 (RLIN) | 36077 |
| 700 1# - ADDED ENTRY--PERSONAL NAME | |
| Personal name | Valencia, John F., |
| Relator term | autor |
| 9 (RLIN) | 36078 |
| 700 1# - ADDED ENTRY--PERSONAL NAME | |
| Personal name | Chacón, Yolanda, |
| Relator term | revisora |
| 9 (RLIN) | 36079 |
| 700 1# - ADDED ENTRY--PERSONAL NAME | |
| Personal name | Ortíz Ortíz, Harold, |
| Relator term | ilustrador |
| 9 (RLIN) | 36080 |
| 942 ## - ADDED ENTRY ELEMENTS (KOHA) | |
| Source of classification or shelving scheme | Dewey Decimal Classification |
| Koha item type | Books |
| Withdrawn status | Lost status | Source of classification or shelving scheme | Damaged status | Not for loan | Collection code | Home library | Current library | Date acquired | Source of acquisition | Total Checkouts | Total Renewals | Full call number | Barcode | Date last seen | Date last checked out | Copy number | Price effective from | Koha item type |
|---|---|---|---|---|---|---|---|---|---|---|---|---|---|---|---|---|---|---|
| Dewey Decimal Classification | Non-fiction | Biblioteca Pública José María del Castillo y Rada | Biblioteca Pública José María del Castillo y Rada | 10/02/2020 | Donación | 8 | 1 | H / MORm | 201810768 | 03/10/2026 | 03/10/2026 | Ej.1 | 03/15/2021 | Books |